Real Madrid Most Expensive Signings - Statistics

General Stats
  • This quiz has been taken 44 times
  • The average score is 19 of 30
Answer Stats
Price (€) Came From Season Answer % Correct
€94.00m Manchester United 09/10 Cristiano Ronaldo
95%
€127.00m Borussia Dortmund 23/24 Jude Bellingham
93%
€45.00m Flamengo 18/19 Vinicius Junior
93%
€60.00m Barcelona 00/01 Luis Figo
90%
€80.00m Monaco 22/23 Aurelien Tchouameni
88%
€120.80m Chelsea 19/20 Eden Hazard
88%
€101.00m Tottenham Hotspur 13/14 Gareth Bale
88%
€47.50m Palmeiras 24/25 Endrick
81%
€35.00m Olympique Lyonnais 09/10 Karim Benzema
81%
€35.00m Tottenham Hotspur 12/13 Luka Modric
81%
€77.50m Juventus 01/02 Zinedine Zidane
81%
€67.00m AC Milan 09/10 Kaka
76%
€62.50m Bournemouth 25/26 Dean Huijsen
69%
€45.00m Santos 19/20 Rodrygo
69%
€37.50m Manchester United 03/04 David Beckham
67%
€63.00m Frankfurt 19/20 Luka Jovic
67%
€35.00m Chelsea 18/19 Thibaut Courtois
67%
€48.00m Olympique Lyonnais 19/20 Ferland Mendy
55%
€50.00m Porto 19/20 Eder Militao
52%
€45.00m River Plate 25/26 Franco Mastantuono
50%
€75.00m Monaco 14/15 James Rodriguez
50%
€33.00m Benfica 10/11 Angel Di Maria
48%
€34.50m Liverpool 09/10 Xabi Alonso
48%
€50.00m Benfica 25/26 Alvaro Carreras
45%
€35.00m Chelsea 07/08 Arjen Robben
38%
€38.00m Inter 15/16 Mateo Kovacic
31%
€35.00m Arsenal 99/00 Nicolas Anelka
31%
€32.00m Real Sociedad 13/14 Asier Illarramendi
24%
€45.00m Inter 02/03 Ronaldo Nazario
24%
€32.00m Real Sociedad 18/19 Alvaro Ordiozola
0%
No matching quizzes found
Score Distribution
Percent of People with Each Score
Percentile by Number Answered
Your Score History
You have not taken this quiz